000 01008nam a22003257a 4500
001 BR0204542
003 BR-BrBNA
005 20230928101149.0
007 ta
008 230509b bl.||||| |||| 00| 0 por d
040 _aBR-BrBNA
_bpor
_cBiblioteca Nacional de Agricultura
041 _a(Spa, Por)
072 _aE12
090 _ E12 BR0204542
100 1 _aDuarte, R.(org.)
111 1 _aSeminário sobre Criação de Emprego e Renda na Economia Informal Urbana da América Latina
_cRecife, PE (Brazil)
_d12-15 Sep 1983
245 1 _aEmprego e renda na economia informal da América Latina
260 3 _aRecife, PE (Brasil):
_bFundação Joaquim Nabuco,
_c1984.
300 _a206 p.
500 _aSevral bibliography; 34 tables
650 _aEMPREGO
650 _aRENDA
650 _aDISTRIBUIÇÃO DE RENDA
650 _aMÃO-DE-OBRA
650 _aRECURSO HUMANO
650 _aMERCADO DE TRABALHO
650 _aAMÉRICA LATINA
909 _a202309
_bLucia
_c55
_dLucia Elande
942 _cBK
999 _c64538
_d64538